Statistics for Football Shirt Sponsors- Scottish Premiership 2019/20 season

Click here to take the quiz!

General Stats

  • This quiz has been taken 56 times
    (34 since last reset)
  • The average score is 7 of 12

Answer Stats

Sponsor/CharityCLUB% Correct
DafabetCeltic
97%
32RedRangers
84%
QTSKilmarnock
72%
Saltire EnergyAberdeen
69%
Binn GroupSt. Johnstone
66%
Save the Children**Heart of Midlothian
66%
McEwan Fraser LegalRoss County
56%
Skyview CapitalSt. Mirren
53%
Paddy Power^^Motherwell
50%
Euro Mechanical EngineeringHamilton Academical
44%
________ Community Foundation**Hibernian
44%
Phoenix DrillingLivingston
44%

Score Distribution

Percentile by Number Answered

Percent of People with Each Score

Your Score History

You have not taken this quiz since the last reset